Statistics for Top Electricity Producing Countries

Click here to take the quiz!

General Stats

  • This quiz has been taken 33 times
  • The average score is 14 of 15

Answer Stats

RankCountryElectricity Production (GWh)% Correct
1China6,495,100
100%
3India1,497,000
100%
4Russia1,091,200
100%
12United Kingdom335,900
100%
2United States4,281,800
100%
8Brazil590,900
97%
6Canada693,400
97%
5Japan1,020,000
97%
10France554,100
94%
7Germany654,200
94%
9South Korea571,700
91%
13Mexico315,000
88%
15Turkey295,500
81%
14Iran304,400
78%
11Saudi Arabia375,600
75%

Score Distribution

Percentile by Number Answered

Percent of People with Each Score

Your Score History

You have not taken this quiz